<?xml version="1.0" encoding="UTF-8"?>
<record
    xmlns:xsi="http://www.w3.org/2001/XMLSchema-instance"
    xsi:schemaLocation="http://www.loc.gov/MARC21/slim http://www.loc.gov/standards/marcxml/schema/MARC21slim.xsd"
    xmlns="http://www.loc.gov/MARC21/slim">

  <leader>01214nam a2200253 a 4500</leader>
  <datafield tag="999" ind1=" " ind2=" ">
    <subfield code="c">8072</subfield>
    <subfield code="d">8072</subfield>
  </datafield>
  <controlfield tag="005">20180312151706.0</controlfield>
  <controlfield tag="008">130430s2004    ck ab  gr     001 0bspa</controlfield>
  <datafield tag="040" ind1=" " ind2=" ">
    <subfield code="a">CO-BoBLA </subfield>
    <subfield code="c">CO-BoBLA</subfield>
    <subfield code="d">CO-BoIAVH</subfield>
  </datafield>
  <datafield tag="041" ind1="0" ind2=" ">
    <subfield code="a">spa</subfield>
  </datafield>
  <datafield tag="044" ind1=" " ind2=" ">
    <subfield code="a">ck</subfield>
  </datafield>
  <datafield tag="082" ind1="0" ind2="4">
    <subfield code="a">333.72 </subfield>
    <subfield code="b">L18f</subfield>
  </datafield>
  <datafield tag="090" ind1=" " ind2=" ">
    <subfield code="a">FG-</subfield>
    <subfield code="b">0060</subfield>
  </datafield>
  <datafield tag="245" ind1="0" ind2="0">
    <subfield code="a">Lagunas de F&#xFA;quene, Cucunub&#xE1; y Palacio: </subfield>
    <subfield code="b">Ech&#xE9;monos el agua</subfield>
  </datafield>
  <datafield tag="260" ind1=" " ind2=" ">
    <subfield code="a">Bogot&#xE1; : </subfield>
    <subfield code="b">Instituto de Investigaci&#xF3;n de Recursos Biol&#xF3;gicos Alexander von Humboldt : </subfield>
    <subfield code="b">Fundaci&#xF3;n Humedales : </subfield>
    <subfield code="b">Autoridad Ambiental CAR, </subfield>
    <subfield code="c">2004.</subfield>
  </datafield>
  <datafield tag="300" ind1=" " ind2=" ">
    <subfield code="a">11 p&#xE1;ginas : </subfield>
    <subfield code="b">ilustraciones y mapas ; </subfield>
    <subfield code="c">29 x 21 cm.</subfield>
  </datafield>
  <datafield tag="490" ind1="0" ind2=" ">
    <subfield code="a">Serie documentos divulgativos ; </subfield>
    <subfield code="v">1</subfield>
  </datafield>
  <datafield tag="650" ind1="2" ind2="6">
    <subfield code="a">Recursos naturales</subfield>
    <subfield code="z">F&#xFA;quene (Laguna, Cundinamarca, Colombia)</subfield>
  </datafield>
  <datafield tag="650" ind1="2" ind2="6">
    <subfield code="a">Recursos naturales</subfield>
    <subfield code="z">Palacio (Laguna, Cundinamarca, Colombia)</subfield>
  </datafield>
  <datafield tag="650" ind1="2" ind2="6">
    <subfield code="a">Recursos naturales</subfield>
    <subfield code="z">Cucunub&#xE1; (Laguna, Cundinamarca, Colombia)</subfield>
  </datafield>
  <datafield tag="650" ind1="2" ind2="6">
    <subfield code="a">Conservaci&#xF3;n de la naturaleza</subfield>
    <subfield code="z">F&#xFA;quene (Laguna, Cundinamarca, Colombia)</subfield>
  </datafield>
  <datafield tag="650" ind1="2" ind2="6">
    <subfield code="a">Conservaci&#xF3;n de la naturaleza</subfield>
    <subfield code="z">Palacio (Laguna, Cundinamarca, Colombia)</subfield>
  </datafield>
  <datafield tag="650" ind1="2" ind2="6">
    <subfield code="a">Conservaci&#xF3;n de la naturaleza</subfield>
    <subfield code="z">Cucunub&#xE1; (Laguna, Cundinamarca, Colombia)</subfield>
  </datafield>
  <datafield tag="942" ind1=" " ind2=" ">
    <subfield code="2">z</subfield>
    <subfield code="c">Folleto</subfield>
  </datafield>
  <datafield tag="952" ind1=" " ind2=" ">
    <subfield code="0">0</subfield>
    <subfield code="1">0</subfield>
    <subfield code="2">z</subfield>
    <subfield code="4">0</subfield>
    <subfield code="7">0</subfield>
    <subfield code="8">MEDIOSM</subfield>
    <subfield code="a">Bogota</subfield>
    <subfield code="b">Bogota</subfield>
    <subfield code="d">2013-12-17</subfield>
    <subfield code="l">1</subfield>
    <subfield code="o">LB-05873</subfield>
    <subfield code="p">058508</subfield>
    <subfield code="r">2015-09-30 00:00:00</subfield>
    <subfield code="s">2015-09-30</subfield>
    <subfield code="t">Ej. 1</subfield>
    <subfield code="w">2013-12-17</subfield>
    <subfield code="x">Original</subfield>
    <subfield code="y">CD-ROM</subfield>
  </datafield>
  <datafield tag="952" ind1=" " ind2=" ">
    <subfield code="0">0</subfield>
    <subfield code="1">0</subfield>
    <subfield code="2">z</subfield>
    <subfield code="4">0</subfield>
    <subfield code="7">0</subfield>
    <subfield code="8">HEMEROTECA</subfield>
    <subfield code="a">Bogota</subfield>
    <subfield code="b">Bogota</subfield>
    <subfield code="d">2016-09-13</subfield>
    <subfield code="l">0</subfield>
    <subfield code="o">FG-0075</subfield>
    <subfield code="p">040670</subfield>
    <subfield code="r">2016-09-13 00:00:00</subfield>
    <subfield code="t">Ej. 1</subfield>
    <subfield code="w">2016-09-13</subfield>
    <subfield code="x">Institucional</subfield>
    <subfield code="y">Folleto</subfield>
  </datafield>
  <datafield tag="952" ind1=" " ind2=" ">
    <subfield code="0">0</subfield>
    <subfield code="1">0</subfield>
    <subfield code="2">z</subfield>
    <subfield code="4">0</subfield>
    <subfield code="7">0</subfield>
    <subfield code="8">HEMEROTECA</subfield>
    <subfield code="a">Bogota</subfield>
    <subfield code="b">Bogota</subfield>
    <subfield code="d">2018-03-12</subfield>
    <subfield code="l">0</subfield>
    <subfield code="o">FH-0075</subfield>
    <subfield code="p">043194</subfield>
    <subfield code="r">2018-03-12 00:00:00</subfield>
    <subfield code="t">Ej. 2</subfield>
    <subfield code="w">2018-03-12</subfield>
    <subfield code="x">Institucional</subfield>
    <subfield code="y">Folleto</subfield>
  </datafield>
</record>
